| 000 | 00537nam a22001937a 4500 | ||
|---|---|---|---|
| 999 |
_c190995 _d190995 |
||
| 005 | 20220831112520.0 | ||
| 010 | _aENG-134445 | ||
| 020 | _c150.00 | ||
| 035 | _aEN-117977 | ||
| 037 | _bDBAD/PUB | ||
| 082 | _a954 | ||
| 100 | _aChowdary, T.H | ||
| 245 |
_aThe Anguish of a Bharatiya/ _cby T.H.Chowdary |
||
| 260 |
_bSri Hanuman Mani Education & Culture Trust _c2019 |
||
| 300 |
_avii, 326p. _c22cm(pbk) |
||
| 700 | _aEdited by Kundu, Amitabh | ||
| 700 | _aEdited by Fazli, Arash | ||
| 942 |
_2ddc _cEN _h954 _mCHO |
||